[Event "Munich Whitsun op-A 3rd"]
[Site "Munich"]
[Date "2025.06.14"]
[Round "9"]
[White "Aarav, Sarbalia"]
[Black "Aumueller, Naum"]
[Result "1/2-1/2"]
[WhiteElo "2243"]
[BlackElo "2114"]
[PlyCount "115"]
[EventDate "2025.06.08"]
[EventType "swiss"]
[EventRounds "9"]
[EventCountry "GER"]
[SourceTitle "CB26_2025"]
[SourceDate "2025.06.25"]
[SourceVersion "1"]
[SourceVersionDate "2025.06.25"]
[SourceQuality "1"]

1. e4 c5 2. Nf3 d6 3. Nc3 Nf6 4. e5 dxe5 5. Nxe5 Nbd7 6. d4 e6 7. Bb5 a6 8. Bxd7+ Nxd7 9. 0-0 cxd4 10. Qxd4 Bc5 11. Qa4 Qf6 12. Bf4 0-0 13. Nd3 Ba7 14. Ne4 Qd4 15. Qxd4 Bxd4 16. c3 Nf6 17. Nd6 Ba7 18. Rad1 b5 19. Nb4 Bd7 20. Bg5 Nd5 21. Nf5 f6 22. Bc1 exf5 23. Nxd5 Rad8 24. Rfe1 Rfe8 25. Be3 Bxe3 26. fxe3 Bc8 27. Kf2 Kf7 28. Nb4 Bb7 29. Nc2 Be4 30. Nd4 g6 31. Re2 Rd7 32. Red2 Red8 33. g3 h6 34. Ra1 Rb8 35. a4 b4 36. c4 b3 37. c5 Rb4 38. Rc1 Rxa4 39. Nxb3 Rxd2+ 40. Nxd2 Ke7 41. Rc3 Kd7 42. Rb3 a5 43. Rb6 Rb4 44. Rxf6 Rxb2 45. Ke1 a4 46. Nc4 Rxh2 47. Rxg6 Kc7 48. Ra6 Bd3 49. Ra7+ Kb8 50. Rxa4 Re2+ 51. Kd1 Bxc4 52. Rxc4 Rxe3 53. Rh4 Rxg3 54. Rxh6 Rc3 55. c6 Kc7 56. Rf6 Rxc6 57. Rxf5 Kd6 58. Ke2 1/2-1/2

[Event "Munich op-A 3rd"]
[Site "Munich"]
[Date "2025.06.01"]
[Round "7"]
[White "Friedrich, Ricardo"]
[Black "Aarav, Sarbalia"]
[Result "0-1"]
[WhiteElo "2209"]
[BlackElo "2243"]
[PlyCount "88"]
[EventDate "2025.05.29"]
[EventType "swiss"]
[EventRounds "9"]
[EventCountry "GER"]
[SourceTitle "CB23_2025"]
[SourceDate "2025.06.04"]
[SourceVersion "1"]
[SourceVersionDate "2025.06.04"]
[SourceQuality "1"]

1. e4 c5 2. Nf3 Nc6 3. d4 cxd4 4. Nxd4 Nf6 5. Nc3 e5 6. Ndb5 d6 7. Bg5 a6 8. Na3 b5 9. Nd5 Be7 10. Bxf6 Bxf6 11. c3 0-0 12. Nc2 Rb8 13. h4 Be7 14. Bd3 Be6 15. Nce3 Qd7 16. Nf5 Bd8 17. Qf3 Kh8 18. h5 h6 19. 0-0 Bg5 20. Qe2 Ne7 21. Nfxe7 Bxe7 22. Ne3 Bg5 23. Bc2 b4 24. Bb3 bxc3 25. bxc3 Bxe3 26. Qxe3 Rfc8 27. Bxe6 Qxe6 28. Qa7 Qc4 29. Rfd1 Qxe4 30. Qxa6 d5 31. Qd6 Rd8 32. Qe7 Qf5 33. Qh4 e4 34. Rd4 Rdc8 35. Qg3 Rb2 36. a4 Rxc3 37. Rxd5 Qf6 38. Rd6 Qf5 39. Qh4 e3 40. fxe3 Rcc2 41. Qg3 Qe4 42. Rd4 Rxg2+ 43. Kf1 Qf5+ 44. Qf4 Rbf2+ 0-1

[Event "Maharashtra op 3rd"]
[Site "Hadapsar"]
[Date "2025.04.25"]
[Round "7"]
[White "Aarav, Sarbalia"]
[Black "Padmini, Rout"]
[Result "0-1"]
[WhiteElo "2247"]
[BlackElo "2354"]
[PlyCount "97"]
[EventDate "2025.04.20"]
[EventType "swiss"]
[EventRounds "10"]
[EventCountry "IND"]
[SourceTitle "CB18_2025"]
[SourceDate "2025.04.30"]
[SourceVersion "1"]
[SourceVersionDate "2025.04.30"]
[SourceQuality "1"]

1. e4 c5 2. c3 Nf6 3. e5 Nd5 4. Nf3 d6 5. Bc4 Nb6 6. Bb3 c4 7. Bc2 dxe5 8. Nxe5 Qd5 9. Nf3 Bg4 10. Qe2 Bxf3 11. Qxf3 Qxf3 12. gxf3 Nc6 13. b3 e6 14. bxc4 Nxc4 15. Ke2 Bd6 16. d3 Nb6 17. Nd2 f5 18. Rb1 0-0-0 19. Nb3 Rhe8 20. Bd2 Nd5 21. d4 g6 22. Kf1 e5 23. c4 Ndb4 24. d5 Nxc2 25. dxc6 bxc6 26. Kg2 c5 27. Rhc1 Nd4 28. Na5 Rd7 29. Rb2 Bc7 30. Nb3 Bb6 31. Nxd4 exd4 32. a4 Re2 33. Rcb1 Bc7 34. f4 Rde7 35. Kf3 Kd7 36. h4 Kc6 37. a5 R7e4 38. a6 Bd6 39. Bc1 Rxb2 40. Rxb2 Re1 41. Bd2 Ra1 42. Rb7 Rxa6 43. Rxh7 Ra2 44. Be1 Ra3+ 45. Kg2 Ra1 46. Bd2 Ra2 47. Be1 d3 48. h5 gxh5 49. Rxh5 0-1

[Event "Budapest Vezerkepzo Haag GM 11"]
[Site "Budapest"]
[Date "2024.11.08"]
[Round "7"]
[White "Aarav, Sarbalia"]
[Black "Bhagat, Kush"]
[Result "0-1"]
[WhiteElo "2300"]
[BlackElo "2270"]
[PlyCount "116"]
[EventDate "2024.11.04"]
[EventType "swiss"]
[EventRounds "10"]
[EventCountry "HUN"]
[SourceTitle "CB45_2024"]
[Source "ChessBase"]
[SourceDate "2024.11.06"]
[SourceVersion "1"]
[SourceVersionDate "2024.11.06"]
[SourceQuality "1"]

1. e4 c5 2. Nf3 d6 3. d4 cxd4 4. Nxd4 Nf6 5. Nc3 Nc6 6. Bg5 e6 7. Qd2 a6 8. 0-0-0 Bd7 9. f3 Nxd4 10. Qxd4 Be7 11. Kb1 Qc7 12. h4 h6 13. Be3 h5 14. Qd2 b5 15. Bd3 b4 16. Ne2 a5 17. c4 bxc3 18. Nxc3 a4 19. Rc1 Qb7 20. Bg5 Rb8 21. Rhg1 Bc6 22. Rc2 0-0 23. Rgc1 Rfc8 24. Ne2 Bd7 25. Rxc8+ Bxc8 26. Rc2 Bd7 27. Qc1 Bd8 28. Nd4 Ne8 29. Nc6 Bxg5 30. hxg5 Bxc6 31. Rxc6 Qa7 32. Rc8 a3 33. Rxb8 Qxb8 34. Qd2 Qb6 35. Bc4 Nc7 36. Bb3 Nb5 37. bxa3 Nxa3+ 38. Kc1 Nb5 39. Qb4 Qg1+ 40. Bd1 Qe3+ 41. Qd2 Qa3+ 42. Kb1 Nc3+ 43. Ka1 Qc5 44. Bb3 Qe5 45. f4 Qc5 46. Qd3 Nb5 47. Qd2 Nc3 48. Qd3 Qb4 49. e5 d5 50. g3 Ne4 51. Kb2 Qe1 52. a4 Qf2+ 53. Ka3 Nxg3 54. a5 h4 55. a6 h3 56. Qxg3 Qxg3 57. a7 h2 58. a8Q+ Kh7 0-1

[Event "Budapest Vezerkepzo Haag GM 11"]
[Site "Budapest"]
[Date "2024.11.06"]
[Round "3"]
[White "Aarav, Sarbalia"]
[Black "Doshi, Moksh Amitbhai"]
[Result "1/2-1/2"]
[WhiteElo "2300"]
[BlackElo "2391"]
[PlyCount "115"]
[EventDate "2024.11.04"]
[EventType "swiss"]
[EventRounds "10"]
[EventCountry "HUN"]
[SourceTitle "CB45_2024"]
[Source "ChessBase"]
[SourceDate "2024.11.06"]
[SourceVersion "1"]
[SourceVersionDate "2024.11.06"]
[SourceQuality "1"]

1. e4 c5 2. Nf3 e6 3. d4 cxd4 4. Nxd4 Nc6 5. Nc3 Qc7 6. Qd3 a6 7. Nxc6 bxc6 8. Qg3 Qxg3 9. hxg3 d5 10. g4 Rb8 11. g5 Bd6 12. Bd3 Ne7 13. 0-0 f6 14. gxf6 gxf6 15. f4 Rg8 16. Ne2 Bb7 17. c4 f5 18. exf5 Nxf5 19. Bxf5 Bc5+ 20. Kh2 exf5 21. Ng3 Bc8 22. cxd5 cxd5 23. Re1+ Kf7 24. Re5 Rb6 25. Nxf5 Rf6 26. Be3 Bf8 27. Nd4 Bd6 28. Rh5 Re8 29. Bd2 Re4 30. Nf3 Re2 31. Bc3 Rxf4 32. Kh1 Bg4 33. Rxd5 Bxf3 34. gxf3 Rh4+ 35. Kg1 Bf4 36. Bd4 Bg3 37. Rd1 Rc2 38. a4 Ke6 39. Rd8 Rhh2 40. Re8+ Kf7 41. Re4 h5 42. Be5 Rhg2+ 43. Kh1 Rh2+ 44. Kg1 Rcg2+ 45. Kf1 Bxe5 46. Rxe5 Rxb2 47. Kg1 Rbg2+ 48. Kf1 Ra2 49. Kg1 Rh3 50. f4 Rg3+ 51. Kh1 Rh3+ 52. Kg1 Rg3+ 53. Kh1 Rxa4 54. Rd7+ Kf6 55. Rd6+ Kf7 56. Rd7+ Kf6 57. Rd6+ Kf7 58. Rd7+ 1/2-1/2

[Event "Titled Tuesday intern op 17th Sep Early"]
[Site "Chess,com INT"]
[Date "2024.09.17"]
[Round "1"]
[White "Vlassov, Nikolai"]
[Black "Aarav, Sarbalia"]
[Result "1-0"]
[WhiteElo "2291"]
[BlackElo "2300"]
[PlyCount "57"]
[EventDate "2024.09.17"]
[EventType "swiss (blitz)"]
[EventRounds "11"]
[EventCountry "USA"]
[SourceTitle "EXT 2025"]
[Source "ChessBase"]
[SourceDate "2024.10.14"]
[SourceVersion "1"]
[SourceVersionDate "2024.10.14"]
[SourceQuality "1"]

1. e4 c5 2. c3 Nf6 3. e5 Nd5 4. d4 cxd4 5. cxd4 d6 6. Bc4 Nb6 7. Bb3 dxe5 8. Qh5 e6 9. dxe5 Bb4+ 10. Nc3 Nc6 11. Bd2 Nd4 12. 0-0-0 Nxb3+ 13. axb3 0-0 14. Nf3 Nd5 15. Ng5 h6 16. Nge4 Qa5 17. Kb1 f5 18. Nxd5 exd5 19. Nf6+ gxf6 20. Qg6+ Kh8 21. Qxh6+ Kg8 22. Qg6+ Kh8 23. Bh6 Rg8 24. Qxf6+ Kh7 25. Rd4 Rg6 26. Qf7+ Kxh6 27. Rh4+ Kg5 28. g3 Bd2 29. Qe7+ 1-0

[Event "Dutch op"]
[Site "Velp"]
[Date "2024.07.25"]
[Round "3"]
[White "Panjer, Sidney"]
[Black "Aarav, Sarbalia"]
[Result "1-0"]
[WhiteElo "2204"]
[BlackElo "2042"]
[PlyCount "171"]
[EventDate "2024.07.23"]
[EventType "swiss"]
[EventRounds "9"]
[EventCountry "NED"]
[SourceTitle "EXT 2025"]
[Source "ChessBase"]
[SourceDate "2024.10.14"]
[SourceVersion "1"]
[SourceVersionDate "2024.10.14"]
[SourceQuality "1"]

1. Nf3 d5 2. d4 Nf6 3. c4 e6 4. g3 Be7 5. Bg2 0-0 6. Nc3 b6 7. cxd5 exd5 8. 0-0 Ne4 9. Ne5 Bb7 10. Qb3 Nxc3 11. bxc3 a5 12. a4 Bf6 13. Rd1 Re8 14. e4 Bxe5 15. dxe5 Nd7 16. exd5 Nxe5 17. Bf4 Ng6 18. Be3 Ne5 19. c4 Qd6 20. Rac1 Nd7 21. c5 Rxe3 22. Qxe3 Nxc5 23. Rc4 Rd8 24. Rcd4 Bc8 25. Bf1 Bd7 26. Bb5 Re8 27. Qc3 Bxb5 28. axb5 Qe7 29. Qf3 Qd6 30. Kg2 Re7 31. h4 h6 32. Rf4 a4 33. Qg4 Re8 34. Qf5 Re7 35. Qc8+ Kh7 36. Qf5+ Kg8 37. Qc8+ Kh7 38. Qf8 Nd7 39. Qd8 Nc5 40. Qf8 Nd7 41. Qa8 Nc5 42. Rf3 Qd7 43. Qf8 Nb3 44. h5 Nc5 45. Rd4 a3 46. d6 cxd6 47. Qa8 Qxb5 48. Rxd6 Nb7 49. Rd1 Qxh5 50. Qxa3 Nc5 51. Qb4 Qg6 52. Qc4 Ne4 53. Qd3 Ng5 54. Qxg6+ Kxg6 55. Rd6+ Re6 56. Rxe6+ Nxe6 57. Rb3 Kf6 58. Rxb6 h5 59. Kf3 g6 60. Ke4 Kg7 61. Ke5 Nc5 62. Kd5 Nd3 63. f3 Nf2 64. Rb2 Nh3 65. f4 g5 66. Ke4 g4 67. Kf5 Kh6 68. Rb6+ Kg7 69. Rb2 Kh6 70. Kf6 h4 71. Kf5 hxg3 72. Kxg4 Nf2+ 73. Kxg3 Ne4+ 74. Kg4 Kg6 75. f5+ Kg7 76. Kf4 Nf6 77. Rg2+ Kf8 78. Ke5 Ke7 79. Ra2 Nd7+ 80. Kf4 Nf6 81. Ra7+ Kf8 82. Ra6 Kg7 83. Rc6 Nh7 84. Ke5 Nf8 85. Rc7 Nh7 86. Rc1 1-0

[Event "Amsterdam Science Park op-A"]
[Site "Amsterdam"]
[Date "2024.07.13"]
[Round "1"]
[White "Brink, Barry"]
[Black "Aarav, Sarbalia"]
[Result "1-0"]
[WhiteElo "2371"]
[BlackElo "2042"]
[PlyCount "63"]
[EventDate "2024.07.13"]
[EventType "swiss"]
[EventRounds "9"]
[EventCountry "NED"]
[SourceTitle "CBM 221 Extra"]
[Source "ChessBase"]
[SourceDate "2024.09.30"]
[SourceVersion "1"]
[SourceVersionDate "2024.09.30"]
[SourceQuality "1"]

1. d4 Nf6 2. c4 e6 3. Nc3 Bb4 4. e3 0-0 5. Nf3 d5 6. Bd3 dxc4 7. Bxc4 c5 8. 0-0 cxd4 9. exd4 b6 10. Qd3 Bb7 11. Bg5 h6 12. Bh4 Be7 13. Rfe1 Nc6 14. Rad1 Nb4 15. Qe2 Nbd5 16. Bg3 Nxc3 17. bxc3 Ne4 18. Qd3 Nxg3 19. hxg3 Bf6 20. Bb3 Qd6 21. Ne5 Bxe5 22. Rxe5 Rac8 23. f3 Rfd8 24. Rde1 Bd5 25. c4 Bb7 26. d5 exd5 27. cxd5 Qc5+ 28. Kh2 g6 29. Re7 Bc6 30. Rxf7 Kxf7 31. d6+ Kf8 32. Qxg6 1-0

[Event "Basel Easter op"]
[Site "Basel"]
[Date "2024.03.31"]
[Round "6"]
[White "Aarav, Sarbalia"]
[Black "Loeffler, Markus"]
[Result "0-1"]
[WhiteElo "2072"]
[BlackElo "2267"]
[PlyCount "64"]
[EventDate "2024.03.28"]
[EventType "swiss"]
[EventRounds "9"]
[EventCountry "SUI"]
[SourceTitle "CBM 219 Extra"]
[Source "ChessBase"]
[SourceDate "2024.05.31"]
[SourceVersion "1"]
[SourceVersionDate "2024.05.31"]
[SourceQuality "1"]

1. e4 c5 2. Nf3 d6 3. d4 cxd4 4. Nxd4 Nf6 5. Nc3 a6 6. f3 e6 7. Be3 b5 8. Qd2 Nbd7 9. g4 Nb6 10. 0-0-0 Bb7 11. Rg1 Rc8 12. e5 b4 13. Na4 Nfd5 14. Nxb6 Qxb6 15. Bf2 dxe5 16. Nb3 Qc7 17. Bd3 Be7 18. Bg3 Nf4 19. Bxf4 exf4 20. g5 0-0 21. h4 a5 22. h5 a4 23. Nd4 Bc5 24. Nb5 Qb6 25. Rge1 Be3 26. Rxe3 fxe3 27. Qxb4 Bxf3 28. Rf1 e2 29. Re1 Rfd8 30. Kb1 Qe3 31. Nd6 Rb8 32. Bb5 Bxh5 0-1

[Event "Basel Easter op"]
[Site "Basel"]
[Date "2024.03.30"]
[Round "5"]
[White "Hobson, Kenneth"]
[Black "Aarav, Sarbalia"]
[Result "1/2-1/2"]
[WhiteElo "2120"]
[BlackElo "2072"]
[PlyCount "120"]
[EventDate "2024.03.28"]
[EventType "swiss"]
[EventRounds "9"]
[EventCountry "SUI"]
[SourceTitle "CBM 219 Extra"]
[Source "ChessBase"]
[SourceDate "2024.05.31"]
[SourceVersion "1"]
[SourceVersionDate "2024.05.31"]
[SourceQuality "1"]

1. e4 c5 2. Nf3 d6 3. Bb5+ Nd7 4. a4 Ngf6 5. Nc3 g6 6. a5 Bg7 7. a6 Qb6 8. axb7 Bxb7 9. d3 0-0 10. 0-0 a6 11. Ba4 Qc7 12. Re1 Nb6 13. Bb3 e5 14. Qe2 Bc6 15. Bd2 a5 16. Bc4 Rfb8 17. b3 a4 18. bxa4 Nxa4 19. Nxa4 Bxa4 20. Ng5 Be8 21. Rxa8 Rxa8 22. f4 exf4 23. Bxf4 h6 24. Nf3 Bc6 25. e5 d5 26. exf6 Qxf4 27. fxg7 dxc4 28. Qe5 Qxe5 29. Nxe5 Re8 30. Kf2 Bb7 31. dxc4 Kxg7 32. Nd3 Rxe1 33. Nxe1 Ba6 34. Nd3 Bxc4 35. Nxc5 Kf6 36. Ke3 Ke5 37. Nd7+ Kf5 38. g3 Be6 39. Nc5 Bd5 40. Nd3 g5 41. Kd4 Bg2 42. c4 Ba8 43. c5 Kg4 44. Ne5+ Kh3 45. Nxf7 h5 46. Nxg5+ Kxh2 47. Ne4 Kh3 48. Ke5 Kg4 49. Nf6+ Kg5 50. Ke6 Bb7 51. Ne8 Kg4 52. Nd6 Ba8 53. Nf5 Be4 54. Ng7 Bf3 55. Nf5 Be4 56. Nd6 Ba8 57. Kf6 Kxg3 58. Kg5 h4 59. Nf5+ Kf3 60. Kxh4 Ke4 1/2-1/2

[Event "Budapest FS11 Nadassy"]
[Site "Budapest"]
[Date "2023.11.13"]
[Round "9.3"]
[White "Fodre, Sandor"]
[Black "Aarav, Sarbalia"]
[Result "0-1"]
[WhiteElo "1956"]
[BlackElo "1918"]
[PlyCount "82"]
[EventDate "2023.11.04"]
[EventType "tourn"]
[EventRounds "12"]
[EventCountry "HUN"]
[SourceTitle "EXT 2025"]
[Source "ChessBase"]
[SourceDate "2024.10.14"]
[SourceVersion "1"]
[SourceVersionDate "2024.10.14"]
[SourceQuality "1"]
[WhiteTeam "Team Higher Elo"]
[BlackTeam "Team Lower Elo"]
[WhiteTeamCountry "HUN"]
[BlackTeamCountry "HUN"]

1. e4 c5 2. c3 d5 3. exd5 Nf6 4. d4 Nxd5 5. Bb5+ Nc6 6. c4 Nc7 7. Bxc6+ bxc6 8. dxc5 Qxd1+ 9. Kxd1 e5 10. Be3 Ne6 11. Nf3 f6 12. Nc3 Nxc5 13. Ke2 Be6 14. b3 0-0-0 15. Rhd1 Be7 16. h3 g5 17. Ne1 h5 18. Nd3 Nxd3 19. Rxd3 Rxd3 20. Kxd3 Kb7 21. Na4 Bf5+ 22. Ke2 g4 23. h4 Rg8 24. Nc5+ Kc8 25. Rc1 Bg6 26. g3 Re8 27. Na4 Be4 28. Bxa7 Bf3+ 29. Ke3 Bf8 30. Kd3 Bh6 31. Be3 Bg7 32. Nc5 f5 33. a4 f4 34. gxf4 exf4 35. Bxf4 Rd8+ 36. Kc2 Bd4 37. Be3 Bxe3 38. fxe3 g3 39. Ne6 Bd1+ 40. Rxd1 Rxd1 41. Nf4 Rf1 0-1

[Event "Budapest FS11 Nadassy"]
[Site "Budapest"]
[Date "2023.11.11"]
[Round "7.1"]
[White "Aarav, Sarbalia"]
[Black "Kahn, Evarth"]
[Result "1-0"]
[WhiteElo "1918"]
[BlackElo "2000"]
[PlyCount "133"]
[EventDate "2023.11.04"]
[EventType "tourn"]
[EventRounds "12"]
[EventCountry "HUN"]
[SourceTitle "EXT 2025"]
[Source "ChessBase"]
[SourceDate "2024.10.14"]
[SourceVersion "1"]
[SourceVersionDate "2024.10.14"]
[SourceQuality "1"]
[WhiteTeam "Team Lower Elo"]
[BlackTeam "Team Higher Elo"]
[WhiteTeamCountry "HUN"]
[BlackTeamCountry "HUN"]

1. e4 Nf6 2. e5 Nd5 3. c4 Nb6 4. d4 d6 5. f4 dxe5 6. fxe5 Nc6 7. Be3 Bf5 8. Nc3 e6 9. Nf3 Bg4 10. Be2 Bxf3 11. gxf3 Qh4+ 12. Bf2 Qf4 13. c5 Nd5 14. Nxd5 exd5 15. 0-0 Be7 16. Qd3 Bg5 17. Rad1 0-0-0 18. Kh1 h5 19. Bg3 Qe3 20. f4 Qxd3 21. Rxd3 Be7 22. f5 h4 23. Bf4 f6 24. e6 Bf8 25. Bd2 h3 26. Rff3 Rh4 27. Rf4 Rxf4 28. Bxf4 b6 29. cxb6 axb6 30. Rc3 Bd6 31. Ba6+ Kb8 32. Bxd6 Rxd6 33. Bb5 Ne7 34. Bd3 g6 35. fxg6 Rxe6 36. Rc1 Re3 37. Bb1 f5 38. g7 f4 39. Bf5 f3 40. Kg1 Re2 41. Bxh3 Ng8 42. Rf1 Re7 43. Rxf3 Rxg7+ 44. Rg3 Rxg3+ 45. hxg3 Ne7 46. Kf2 c5 47. Ke3 Kc7 48. g4 Kd6 49. g5 cxd4+ 50. Kxd4 Nc6+ 51. Ke3 Ke5 52. g6 Kf6 53. g7 Kxg7 54. Be6 Nb4 55. a3 Kf6 56. Bg8 Na6 57. Kd4 Ke7 58. Kxd5 Kd7 59. Be6+ Kc7 60. b4 Kb7 61. Bd7 Nc7+ 62. Kd6 Na6 63. Bc6+ Kb8 64. Bb5 Nc7 65. Kc6 Na8 66. Ba6 Ka7 67. Bb7 1-0

[Event "Budapest FS11 Nadassy"]
[Site "Budapest"]
[Date "2023.11.06"]
[Round "3.1"]
[White "Kahn, Evarth"]
[Black "Aarav, Sarbalia"]
[Result "0-1"]
[WhiteElo "2000"]
[BlackElo "1918"]
[PlyCount "132"]
[EventDate "2023.11.04"]
[EventType "tourn"]
[EventRounds "12"]
[EventCountry "HUN"]
[SourceTitle "EXT 2025"]
[Source "ChessBase"]
[SourceDate "2024.10.14"]
[SourceVersion "1"]
[SourceVersionDate "2024.10.14"]
[SourceQuality "1"]
[WhiteTeam "Team Higher Elo"]
[BlackTeam "Team Lower Elo"]
[WhiteTeamCountry "HUN"]
[BlackTeamCountry "HUN"]

1. c4 e6 2. d4 Nf6 3. Nc3 Bb4 4. Qc2 0-0 5. Bg5 c5 6. dxc5 Na6 7. g3 Nxc5 8. Bg2 Bxc3+ 9. Qxc3 Nce4 10. Bxf6 Nxf6 11. Nf3 Qc7 12. 0-0 b6 13. Nd4 Bb7 14. Nb5 Qb8 15. Bxb7 Qxb7 16. Nd6 Qc6 17. Rfd1 Ne8 18. Qf3 Qxf3 19. exf3 Nf6 20. Rd4 Rfd8 21. Rad1 Kf8 22. f4 Ke7 23. b3 Rab8 24. f5 Ne8 25. Nxe8 Kxe8 26. fxe6 fxe6 27. f4 Ke7 28. Kf2 g6 29. Kf3 Rbc8 30. Re1 Rc5 31. g4 b5 32. cxb5 Rxb5 33. Ra4 a5 34. Re5 d5 35. f5 Rd6 36. fxg6 hxg6 37. g5 Rc6 38. Rf4 Rc3+ 39. Re3 Rxe3+ 40. Kxe3 Rb4 41. Rf6 Rh4 42. Rxg6 Rxh2 43. Rg7+ Kd6 44. a4 Rh3+ 45. Kf2 Rxb3 46. Ra7 Rb4 47. Kf3 Rxa4 48. g6 Rc4 49. g7 Rc8 50. Kf4 Rg8 51. Ra6+ Kc5 52. Rxa5+ Kb6 53. Ra1 Rxg7 54. Ke5 Rg6 55. Rc1 Kb5 56. Rc8 Kb4 57. Rb8+ Kc3 58. Rc8+ Kd3 59. Rd8 Rg5+ 60. Kxe6 d4 61. Rh8 Kc3 62. Rc8+ Kd2 63. Kf6 Rb5 64. Rh8 d3 65. Rh2+ Kc1 66. Rh8 Rc5 0-1

[Event "Asia-ch Blitz U20"]
[Site "Jamshedpur"]
[Date "2023.09.15"]
[Round "8"]
[White "Vihaan, Karthikeya N"]
[Black "Aarav, Sarbalia"]
[Result "1-0"]
[WhiteElo "1449"]
[BlackElo "1552"]
[PlyCount "67"]
[EventDate "2023.09.15"]
[EventType "swiss (blitz)"]
[EventRounds "9"]
[EventCountry "IND"]
[SourceTitle "CBM 216 Extra"]
[Source "ChessBase"]
[SourceDate "2023.11.30"]
[SourceVersion "1"]
[SourceVersionDate "2023.11.30"]
[SourceQuality "1"]

1. d4 Nf6 2. c4 e6 3. Nc3 Bb4 4. a3 Bxc3+ 5. bxc3 b6 6. e3 Bb7 7. f3 c5 8. Bd3 0-0 9. Ne2 Nc6 10. e4 Rc8 11. Bg5 h6 12. Bh4 d6 13. 0-0 cxd4 14. cxd4 e5 15. d5 Na5 16. Rc1 Ba6 17. Ng3 g5 18. Nf5 gxh4 19. Qd2 Nh7 20. f4 Bxc4 21. fxe5 Bxd3 22. Nxh6+ Kh8 23. Rxc8 Qxc8 24. Qxd3 dxe5 25. Qf3 Qd7 26. Qc3 Qe7 27. Nf5 Qc5+ 28. Qxc5 bxc5 29. d6 Ng5 30. Nxh4 Nxe4 31. Ng6+ fxg6 32. Rxf8+ Kg7 33. Rd8 Nc6 34. Rc8 1-0

[Event "Asia-ch U20"]
[Site "Jamshedpur"]
[Date "2023.09.09"]
[Round "1"]
[White "Thejas, K."]
[Black "Aarav, Sarbalia"]
[Result "1-0"]
[WhiteElo "1426"]
[BlackElo "2060"]
[PlyCount "61"]
[EventDate "2023.09.09"]
[EventType "swiss"]
[EventRounds "9"]
[EventCountry "IND"]
[SourceTitle "CBM 216 Extra"]
[Source "ChessBase"]
[SourceDate "2023.11.30"]
[SourceVersion "1"]
[SourceVersionDate "2023.11.30"]
[SourceQuality "1"]

1. e4 c5 2. Nf3 d6 3. d4 cxd4 4. Nxd4 Nf6 5. Nc3 a6 6. h3 e6 7. g4 d5 8. exd5 Nxd5 9. Nde2 Bb4 10. Bd2 Nxc3 11. Bxc3 Bxc3+ 12. Nxc3 Qc7 13. Qd4 0-0 14. 0-0-0 Bd7 15. Qd6 Qc8 16. h4 Bc6 17. Rh3 Nd7 18. h5 Qb8 19. Qd2 b5 20. g5 b4 21. Ne2 Ne5 22. f4 Nc4 23. Qd4 Bb5 24. g6 Rd8 25. gxf7+ Kxf7 26. Qe4 Rxd1+ 27. Kxd1 Qd8+ 28. Ke1 Nd2 29. Qb7+ Kg8 30. Rg3 Bd7 31. Rd3 1-0